Một số vấn đề tâm lý trong thực hiện phong trào xây dựng tổ dân phố/thôn/làng văn hóa /
Guardado en:
| Autor principal: | |
|---|---|
| Formato: | Artículo |
| Lenguaje: | Vietnamese |
| Materias: | |
| Etiquetas: |
Agregar Etiqueta
Sin Etiquetas, Sea el primero en etiquetar este registro!
|
| Thư viện lưu trữ: | Thư viện Trường Đại học Đà Lạt |
|---|
| LEADER | 00812nam a2200241 4500 | ||
|---|---|---|---|
| 001 | DLU180182952 | ||
| 005 | ##20180110 | ||
| 040 | # | # | |a DLU |b vie |
| 041 | # | # | |a vie |
| 044 | # | # | |a vn |
| 100 | # | # | |a Đỗ Ngọc Khanh. |
| 245 | # | # | |a Một số vấn đề tâm lý trong thực hiện phong trào xây dựng tổ dân phố/thôn/làng văn hóa / |c Đỗ Ngọc Khanh. |
| 653 | # | # | |a Phong trào đoàn kết |
| 653 | # | # | |a Phong trào xây dựng tổ dân phố/thôn/làng văn hóa |
| 773 | # | # | |t Tâm lý học |g Số 3(180), 2014, tr. 31-41 |
| 920 | # | # | |a Phòng Tạp chí -- Trung tâm Thông tin - Thư viện Trường Đại học Đà Lạt |
| 900 | # | # | |a True |
| 911 | # | # | |a Nguyễn Thị Thu Phương |
| 925 | # | # | |a G |
| 926 | # | # | |a A |
| 927 | # | # | |a BB |
| 980 | # | # | |a Thư viện Trường Đại học Đà Lạt |